[Event "Gerthe- Werl"]
[Site "?"]
[Date "2023.04.30"]
[Round "8.7"]
[White "Siebert, Michael"]
[Black "Meise, Ulrich"]
[Result "0-1"]
[WhiteElo "1473"]
[BlackElo "1757"]
[PlyCount "88"]
[SourceDate "2022.10.02"]

1. c4 e5 2. g3 Nf6 3. Bg2 c6 4. d4 exd4 5. Qxd4 d5 6. Nc3 Be6 7. cxd5 cxd5 8.
Bg5 Be7 9. Rd1 Nc6 10. Qa4 O-O 11. Bxf6 Bxf6 12. Nf3 Qb6 13. Qb3 Qa5 14. e3 d4
15. Qa4 dxc3 16. Qxa5 Nxa5 17. b4 Nc6 18. a3 Bb3 19. Rc1 Rad8 20. O-O c2 21.
Ne1 Rd2 22. Be4 Bb2 23. Rxc2 Bxc2 24. Nxc2 Re8 25. Bxc6 bxc6 26. Nd4 Bxd4 27.
exd4 Rxd4 28. Rc1 Rd6 29. a4 g6 30. Rc4 Re5 31. h4 a5 32. Kg2 axb4 33. Rxb4 Ra5
34. g4 c5 35. Rb8+ Kg7 36. Rc8 Rd5 37. f3 Rxa4 38. Kg3 c4 39. g5 Rd3 40. Kg4
c3+ 41. f4 Ra2 42. h5 Rg2+ 43. Kh4 gxh5 44. f5 Rh2# 0-1

[Event "Linden- Werden 2"]
[Site "?"]
[Date "2023.04.30"]
[Round "8.1"]
[White "Gockel, Mirco"]
[Black "Hahn, Matthias"]
[Result "1/2-1/2"]
[WhiteElo "1916"]
[BlackElo "2088"]
[PlyCount "59"]
[SourceDate "2022.10.02"]

1. c4 e5 2. g3 Nc6 3. Bg2 Bc5 4. Nc3 d6 5. e3 a6 6. Nge2 Ba7 7. O-O h5 8. h3 h4
9. g4 f5 10. gxf5 Bxf5 11. d4 Qd7 12. Kh2 Nf6 13. d5 Ne7 14. e4 Bg6 15. b4 Bh5
16. Qd3 Ng6 17. f4 exf4 18. Nxf4 Ne5 19. Qc2 Bf7 20. Nce2 Qe7 21. Bb2 g5 22.
Nd3 Nfd7 23. c5 Rg8 24. c6 bxc6 25. dxc6 Nb6 26. Bxe5 dxe5 27. Rf5 O-O-O 28.
Nc5 Be6 29. Nxe6 Qxe6 30. Qb2 1/2-1/2

[Event "Linden- Werden 2"]
[Site "?"]
[Date "2023.04.30"]
[Round "8.2"]
[White "Boehm, Ingo"]
[Black "Diesing, Christian"]
[Result "1-0"]
[WhiteElo "2177"]
[BlackElo "1912"]
[PlyCount "121"]
[SourceDate "2022.10.02"]

1. e4 e6 2. d4 d5 3. Nd2 Nf6 4. e5 Nfd7 5. Bd3 c5 6. c3 Nc6 7. Ne2 cxd4 8. cxd4
Qb6 9. Nf3 f6 10. exf6 Nxf6 11. O-O Bd6 12. a3 O-O 13. b4 e5 14. dxe5 Nxe5 15.
Nfd4 Nfg4 16. h3 Nh2 17. Kxh2 Nxd3+ 18. Kg1 Nxc1 19. Rxc1 a5 20. Qb3 axb4 21.
Qxd5+ Kh8 22. Nb5 Be7 23. Rc7 Bd8 24. Rf7 Rg8 25. Nd6 Ra5 26. Rxb7 Qxd6 27.
Qxd6 Bxb7 28. axb4 Rd5 29. Qe6 Bf6 30. Nf4 Re5 31. Qb6 Ba8 32. Rd1 Rge8 33. b5
Bg5 34. Rd4 Re1+ 35. Kh2 Be4 36. Nh5 Bg6 37. h4 Bc1 38. Ng3 R1e6 39. Rd6 Re5
40. Rd8 Bf4 41. Rxe8+ Rxe8 42. Qc6 Rb8 43. b6 Bb1 44. b7 h6 45. Kh3 Rg8 46. Ne4
Bxe4 47. Qxe4 Bb8 48. Qg6 Rf8 49. g3 Be5 50. f4 Bb8 51. Kg2 Rd8 52. Kf3 Rf8 53.
Ke4 Kg8 54. f5 Rf6 55. Qe8+ Rf8 56. Qe6+ Kh7 57. Qg6+ Kg8 58. g4 Bg3 59. Qe6+
Kh7 60. g5 Bh2 61. Qg6+ 1-0

[Event "Linden- Werden 2"]
[Site "?"]
[Date "2023.04.30"]
[Round "8.3"]
[White "Bury, Tobias"]
[Black "Kandyba, Andriy"]
[Result "1/2-1/2"]
[WhiteElo "1823"]
[BlackElo "1951"]
[PlyCount "75"]
[SourceDate "2022.10.02"]

1. e4 e6 2. d4 d5 3. e5 b6 4. Bb5+ c6 5. Ba4 Bd7 6. c3 c5 7. Bc2 cxd4 8. cxd4
Nc6 9. a3 Na5 10. Nc3 Ne7 11. Nf3 Qc7 12. O-O h6 13. h4 b5 14. Bd3 a6 15. Ne2
Qb6 16. Re1 Nec6 17. b3 Rc8 18. Bb2 Be7 19. g4 Kd8 20. Rc1 Kc7 21. b4 Nc4 22.
Qb3 a5 23. Bc3 a4 24. Qa2 Rcf8 25. Bxc4 bxc4 26. Qd2 Qb5 27. Nf4 Na7 28. Nh5
Rfg8 29. Qf4 Be8 30. Qe3 Qc6 31. Bb2 Nb5 32. Nf4 g5 33. hxg5 Bxg5 34. Nxg5 Rxg5
35. f3 Rhg8 36. Kf2 Bd7 37. Rh1 Rh8 38. Rh5 1/2-1/2

[Event "Linden- Werden 2"]
[Site "?"]
[Date "2023.04.30"]
[Round "8.5"]
[White "Brixius, Dirk"]
[Black "Schmidt, Ralph"]
[Result "1-0"]
[WhiteElo "1787"]
[BlackElo "1959"]
[PlyCount "59"]
[SourceDate "2022.10.02"]

1. c4 e5 2. Nc3 Nc6 3. g3 d6 4. Bg2 f5 5. d3 Nf6 6. e4 fxe4 7. Nxe4 Be7 8. Ne2
Bf5 9. Qb3 Rb8 10. Nxf6+ Bxf6 11. Be3 Nd4 12. Bxd4 exd4 13. O-O c5 14. Bd5 Kf8
15. Nf4 Be5 16. Ne6+ Bxe6 17. Bxe6 g5 18. Rae1 Ke7 19. Bd5 g4 20. Qd1 Qd7 21.
f4 gxf3 22. Qxf3 Rbf8 23. Qh5 Kd8 24. Qh6 Qe7 25. Kg2 b6 26. a3 Kd7 27. b4 Rf6
28. Qh3+ Kc7 29. Rxf6 Qxf6 30. Rf1 1-0

[Event "Linden- Werden 2"]
[Site "?"]
[Date "2023.04.30"]
[Round "8.6"]
[White "Hochstein, Udo"]
[Black "Biermann, Klaus"]
[Result "1/2-1/2"]
[WhiteElo "2013"]
[BlackElo "1785"]
[PlyCount "93"]
[SourceDate "2022.10.02"]

1. d4 d5 2. c4 c6 3. cxd5 cxd5 4. Bg5 Nc6 5. Nc3 Nf6 6. Bxf6 gxf6 7. e3 Bf5 8.
Qb3 Qc8 9. Qxd5 Bg7 10. Bb5 O-O 11. Bxc6 bxc6 12. Qc5 e5 13. Nge2 Rd8 14. O-O
Bf8 15. Qa5 Qb8 16. Qa4 Qxb2 17. Rac1 Bd3 18. Rfe1 Bb4 19. Qb3 Qxb3 20. axb3
Bxe2 21. Rxe2 exd4 22. exd4 Rxd4 23. Ne4 Rad8 24. f3 Rd1+ 25. Rxd1 Rxd1+ 26.
Kf2 f5 27. Nf6+ Kg7 28. Ne8+ Kg6 29. Kg3 Rb1 30. Rc2 c5 31. Kf4 Rxb3 32. Nd6
Bc3 33. Nxf5 a5 34. Ne7+ Kg7 35. Nd5 Bb4 36. Nb6 Rc3 37. Rb2 Rd3 38. Ke4 Rd6
39. Nd5 Re6+ 40. Kd3 Re1 41. Kc4 Rd1 42. Nb6 Kf6 43. Re2 Rd4+ 44. Kb5 h6 45.
Rc2 Kf5 46. Nc4 h5 47. Nxa5 1/2-1/2

[Event "Linden- Werden 2"]
[Site "?"]
[Date "2023.04.30"]
[Round "8.7"]
[White "Rother, Josef"]
[Black "Boemelburg, Hans- Juergen"]
[Result "1/2-1/2"]
[WhiteElo "1915"]
[BlackElo "1709"]
[PlyCount "51"]
[SourceDate "2022.10.02"]

1. d4 Nf6 2. Bg5 Ne4 3. Bf4 e6 4. f3 Nf6 5. e4 c5 6. Nc3 cxd4 7. Qxd4 Nc6 8.
Qc4 Bb4 9. O-O-O Bxc3 10. Qxc3 d5 11. Bg5 d4 12. Qc5 Qe7 13. Qxe7+ Kxe7 14. Bb5
e5 15. f4 h6 16. fxe5 Nxe5 17. Bxf6+ gxf6 18. Rxd4 a6 19. Be2 Rg8 20. g3 b5 21.
c4 bxc4 22. Bxc4 Nxc4 23. Rxc4 Be6 24. Rc3 Rg4 25. Ne2 Rxe4 26. Nf4 1/2-1/2

[Event "Eving- Sterkrade 2"]
[Site "?"]
[Date "2023.04.30"]
[Round "8.1"]
[White "Schelwokat, Peter"]
[Black "Sprungala, Erik"]
[Result "1/2-1/2"]
[WhiteElo "1919"]
[BlackElo "1985"]
[PlyCount "64"]
[SourceDate "2022.10.02"]

1. e4 c5 2. Nf3 Nc6 3. d4 cxd4 4. Nxd4 Nf6 5. Nc3 e5 6. Ndb5 d6 7. Bg5 a6 8.
Na3 b5 9. Nd5 Be7 10. Bxf6 Bxf6 11. c3 O-O 12. h4 g6 13. Nxf6+ Qxf6 14. Nc2 Qf4
15. Qf3 f5 16. a4 bxa4 17. Qxf4 exf4 18. Bc4+ Kg7 19. Bd5 Bd7 20. Rxa4 Ne5 21.
Rd4 Rab8 22. b4 Rfc8 23. Kd2 Ng4 24. exf5 Bxf5 25. Rxf4 Nf6 26. Ne3 Nxd5 27.
Nxd5 Be6 28. Rd4 a5 29. Ra1 Bxd5 30. Rxd5 axb4 31. Ra7+ Kh6 32. cxb4 Rxb4
1/2-1/2

[Event "Eving- Sterkrade 2"]
[Site "?"]
[Date "2023.04.30"]
[Round "8.2"]
[White "Michalek, Franz"]
[Black "Kantor, Nikita"]
[Result "1-0"]
[WhiteElo "1896"]
[BlackElo "1842"]
[PlyCount "77"]
[SourceDate "2022.10.02"]

1. Nf3 d5 2. d4 Nf6 3. c3 e6 4. Bg5 Be7 5. Nbd2 Nbd7 6. e3 c5 7. Be2 h6 8. Bh4
Ne4 9. Bxe7 Qxe7 10. Nxe4 dxe4 11. Nd2 cxd4 12. cxd4 Nf6 13. Qc2 Bd7 14. Rc1
O-O 15. O-O Rac8 16. Qb1 Qb4 17. Rfd1 Rxc1 18. Qxc1 Rc8 19. Qb1 Bb5 20. a3 Qa4
21. b3 Qa6 22. Bxb5 Qxb5 23. Nc4 Qh5 24. Rd2 b5 25. Ne5 Nd5 26. h3 Rc3 27. Nd7
Nxe3 28. fxe3 Qd5 29. Ne5 Rxe3 30. Qc1 f6 31. Qc8+ Kh7 32. Nd7 Re1+ 33. Kh2
Qd6+ 34. g3 e3 35. Rc2 e2 36. Nf8+ Kg8 37. Nxe6+ Kh7 38. Qc3 Qd5 39. Qxe1 1-0

[Event "Eving- Sterkrade 2"]
[Site "?"]
[Date "2023.04.30"]
[Round "8.3"]
[White "Altenburg, Frank"]
[Black "Krause, Dieter"]
[Result "0-1"]
[WhiteElo "1843"]
[BlackElo "2030"]
[PlyCount "62"]
[SourceDate "2022.10.02"]

1. d4 c5 2. d5 d6 3. e4 g6 4. Nc3 Bg7 5. h3 a6 6. a4 e6 7. Nf3 e5 8. Bd3 Ne7 9.
O-O O-O 10. Bg5 f6 11. Be3 f5 12. exf5 gxf5 13. Bc4 b6 14. Bg5 Qe8 15. Qd2 Kh8
16. Bh6 Rg8 17. Kh2 Qg6 18. Bxg7+ Qxg7 19. Rg1 Qf6 20. Qe2 Nd7 21. Nd2 Bb7 22.
Rad1 Ng6 23. g3 Rg7 24. f3 Ne7 25. Nf1 Qf7 26. Qd2 Nf6 27. Ne3 Rag8 28. Qd3 f4
29. Nf1 fxg3+ 30. Rxg3 Nh5 31. Rxg7 Qxg7 0-1

[Event "Eving- Sterkrade 2"]
[Site "?"]
[Date "2023.04.30"]
[Round "8.4"]
[White "Pahne, Dirk"]
[Black "Matthies, Jochen"]
[Result "1-0"]
[WhiteElo "1907"]
[BlackElo "1970"]
[PlyCount "49"]
[SourceDate "2022.10.02"]

1. e4 e5 2. Nf3 d6 3. d4 exd4 4. Nxd4 Nf6 5. Nc3 Nbd7 6. Be2 Be7 7. Nf5 O-O 8.
Bg5 Nb6 9. Nxe7+ Qxe7 10. f3 a6 11. a4 Be6 12. a5 Nc4 13. b3 Ne5 14. f4 Nc6 15.
f5 Bd7 16. Nd5 Qxe4 17. Bxf6 Qxg2 18. Bf3 Qh3 19. Rg1 Rae8+ 20. Kf2 g6 21. Bg4
Qxh2+ 22. Rg2 Qh6 23. Qh1 Qxh1 24. Rxh1 Re5 25. Rxh7 1-0

[Event "Eving- Sterkrade 2"]
[Site "?"]
[Date "2023.04.30"]
[Round "8.5"]
[White "Nathe, Nico"]
[Black "Bross, Horst"]
[Result "0-1"]
[WhiteElo "1733"]
[BlackElo "1801"]
[PlyCount "68"]
[SourceDate "2022.10.02"]

1. d4 d5 2. Bf4 Nf6 3. e3 g6 4. Nf3 Bg7 5. Bd3 O-O 6. Nbd2 Nbd7 7. O-O Nh5 8.
c3 c5 9. Bg3 Nxg3 10. hxg3 e5 11. Nxe5 Nxe5 12. dxe5 Bxe5 13. Nf3 Bg7 14. Re1
Bg4 15. Be2 Bxf3 16. Bxf3 d4 17. exd4 cxd4 18. cxd4 Bxd4 19. Re4 Bxb2 20. Rb1
Qxd1+ 21. Bxd1 Rad8 22. Rb4 Bd4 23. Rxb7 Bb6 24. Bb3 Rd6 25. Rd1 Rf6 26. Rd2
Rc8 27. Re2 Bxf2+ 28. Kh2 Rc3 29. Rxf2 Rxf2 30. Rxa7 Rd3 31. Bc4 Rdd2 32. Kh3
h5 33. a4 Kg7 34. Kh4 Rd4+ 0-1

[Event "Kupferdreh- Dortmund"]
[Site "?"]
[Date "2023.04.30"]
[Round "8.1"]
[White "Khess, Igor"]
[Black "Schaefer, Johannes"]
[Result "1/2-1/2"]
[WhiteElo "1989"]
[BlackElo "1718"]
[PlyCount "34"]
[SourceDate "2022.10.02"]

1. d3 g6 2. g3 Bg7 3. Bg2 e5 4. c4 Nc6 5. Nc3 f5 6. a3 a5 7. Qa4 Nf6 8. e3 O-O
9. Nge2 d6 10. b4 f4 11. O-O Bg4 12. f3 axb4 13. Qb3 fxg3 14. hxg3 Bd7 15. Nd5
bxa3 16. Rxa3 Nxd5 17. cxd5 Na5 1/2-1/2

[Event "Kupferdreh- Dortmund"]
[Site "?"]
[Date "2023.04.30"]
[Round "8.2"]
[White "Krimphoff, Ingo"]
[Black "Mewes, Karsten"]
[Result "1-0"]
[WhiteElo "2047"]
[BlackElo "2063"]
[PlyCount "51"]
[SourceDate "2022.10.02"]

1. Nf3 g6 2. c4 c5 3. d4 cxd4 4. Nxd4 Nc6 5. e4 Bg7 6. Nc2 Nf6 7. Nc3 d6 8. Be2
O-O 9. O-O Bd7 10. Be3 Rc8 11. Qd2 Re8 12. Rac1 b6 13. f3 Ne5 14. b3 Bc6 15.
Nb5 Ra8 16. Nb4 a6 17. Nxc6 Nxc6 18. Nc3 Nd7 19. Rfd1 Qb8 20. f4 Ra7 21. Bf3
Rc7 22. Qf2 Rcc8 23. Bg4 e6 24. e5 Bf8 25. exd6 Bxd6 26. Ne4 1-0

[Event "Kupferdreh- Dortmund"]
[Site "?"]
[Date "2023.04.30"]
[Round "8.3"]
[White "Schulz, Oliver"]
[Black "Praemaßing, Reiner"]
[Result "1-0"]
[WhiteElo "2099"]
[BlackElo "1850"]
[PlyCount "63"]
[SourceDate "2022.10.02"]

1. d4 e6 2. Nf3 f5 3. c4 Nf6 4. Nc3 Be7 5. g3 O-O 6. Bg2 Qe8 7. O-O Qh5 8. Bg5
d6 9. Bxf6 Bxf6 10. e4 e5 11. dxe5 dxe5 12. Re1 Nc6 13. Nd5 Qf7 14. Qd3 Bd8 15.
Qd2 Qh5 16. Qc3 f4 17. gxf4 exf4 18. e5 g5 19. e6 Be7 20. Ne5 Qe8 21. Nxc7 Bb4
22. Qb3 Qe7 23. Nxc6 bxc6 24. Nxa8 Bxe1 25. Rxe1 Bb7 26. Nc7 Qxc7 27. e7 Re8
28. c5+ Kg7 29. Qe6 Bc8 30. Qxc6 Rxe7 31. Rxe7+ Qxe7 32. Qxc8 1-0

[Event "Kupferdreh- Dortmund"]
[Site "?"]
[Date "2023.04.30"]
[Round "8.4"]
[White "Unteregge, Michael"]
[Black "Alghawi, Abdullah"]
[Result "1/2-1/2"]
[WhiteElo "2052"]
[BlackElo "1865"]
[PlyCount "77"]
[SourceDate "2022.10.02"]

1. Nf3 Nf6 2. c4 g6 3. g3 Bg7 4. Bg2 O-O 5. d4 d6 6. O-O Nbd7 7. Nc3 e5 8. e4
exd4 9. Nxd4 Nc5 10. Re1 Re8 11. h3 h6 12. Qc2 Nfxe4 13. Nxe4 Bxd4 14. Bxh6
Nxe4 15. Bxe4 Bxh3 16. Bxg6 Qf6 17. Bh7+ Kh8 18. Bf4 Bxb2 19. Rxe8+ Rxe8 20.
Rb1 Be5 21. Bd2 Qg7 22. Bf5 Bd4 23. Bf4 Bxf5 24. Qxf5 Qh7 25. Qxh7+ Kxh7 26.
Rxb7 Bb6 27. Be3 Bxe3 28. fxe3 Rxe3 29. Rxc7 Rxg3+ 30. Kf1 Rf3+ 31. Ke2 Ra3 32.
Rxf7+ Kg6 33. Rd7 Rxa2+ 34. Kd3 Ra6 35. Kd4 Kf5 36. Kd5 Ra1 37. Rxd6 a5 38. c5
a4 39. Kc4 1/2-1/2

[Event "Kupferdreh- Dortmund"]
[Site "?"]
[Date "2023.04.30"]
[Round "8.5"]
[White "Brendemuehl, Bernd"]
[Black "Zagrabski, Kevin"]
[Result "1-0"]
[WhiteElo "1929"]
[BlackElo "1949"]
[PlyCount "35"]
[SourceDate "2022.10.02"]

1. e4 g6 2. d4 Bg7 3. c4 Nc6 4. Nf3 e5 5. d5 Nd4 6. Bd3 c5 7. O-O d6 8. Nxd4
cxd4 9. f4 Nf6 10. fxe5 dxe5 11. Bg5 h6 12. Bxf6 Bxf6 13. Qf3 Be7 14. Qxf7+ Kd7
15. c5 Rf8 16. Qe6+ Ke8 17. Bb5+ Bd7 18. Qxg6+ 1-0

[Event "Kupferdreh- Dortmund"]
[Site "?"]
[Date "2023.04.30"]
[Round "8.6"]
[White "Wuthcke, Dieter"]
[Black "Grube, Joerg"]
[Result "1/2-1/2"]
[WhiteElo "1908"]
[BlackElo "1815"]
[PlyCount "41"]
[SourceDate "2022.10.02"]

1. d4 Nf6 2. c4 e6 3. Nf3 d5 4. e3 c6 5. a3 a5 6. Nbd2 Nbd7 7. b3 Bd6 8. Bb2
O-O 9. Be2 Qe7 10. O-O e5 11. dxe5 Nxe5 12. h3 Bf5 13. Nh4 Bd3 14. Bxe5 Qxe5
15. Nhf3 Bxe2 16. Qxe2 Qe7 17. cxd5 cxd5 18. a4 Rfc8 19. Rac1 Ba3 20. Rxc8+
Rxc8 21. Nd4 1/2-1/2

[Event "SF Essen-Katernberg  3 - SV Bönen 1"]
[Site "Verbandsliga, Gr. 1 2022/2023"]
[Date "2023.05.14"]
[Round "9.1"]
[White "Schlottmann, Fabian"]
[Black "Rosen, Willy"]
[Result "1/2-1/2"]
[WhiteElo "2292"]
[BlackElo "2049"]
[PlyCount "44"]
[EventDate "2023.??.??"]
[SourceDate "2022.10.02"]
[WhiteTeam "SV Bönen 1"]
[BlackTeam "SF Essen-Katernberg  3"]

1. d4 Nf6 2. Bg5 c5 3. Bxf6 exf6 4. e3 d5 5. Nc3 Be6 6. Nge2 Nc6 7. g3 cxd4 8.
exd4 Bb4 9. Bg2 O-O 10. O-O Qa5 11. a3 Bxc3 12. Nxc3 Rfd8 13. Qd3 Rac8 14. Ne2
Ne7 15. Nf4 Bf5 16. Qe3 Ng6 17. c3 Re8 18. Qd2 Nxf4 19. Qxf4 Be4 20. Rfe1 Bxg2
21. Kxg2 Qb5 22. Qd2 g6 1/2-1/2

[Event "SF Essen-Katernberg  3 - SV Bönen 1"]
[Site "Verbandsliga, Gr. 1 2022/2023"]
[Date "2023.05.14"]
[Round "9.2"]
[White "Struck, Lasse"]
[Black "Mönkemeyer, Maik"]
[Result "1-0"]
[WhiteElo "2080"]
[BlackElo "1874"]
[PlyCount "67"]
[EventDate "2023.??.??"]
[SourceDate "2022.10.02"]
[WhiteTeam "SF Essen-Katernberg  3"]
[BlackTeam "SV Bönen 1"]

1. d4 d5 2. c4 e6 3. Nf3 Nf6 4. g3 Be7 5. Bg2 c6 6. Nbd2 Nbd7 7. O-O O-O 8. Qc2
Re8 9. b3 a5 10. e4 dxe4 11. Nxe4 Nxe4 12. Qxe4 Bf6 13. Rd1 a4 14. b4 Nb6 15.
Qc2 Qe7 16. Rb1 g6 17. Ne5 Nd7 18. Bf4 Nxe5 19. Bxe5 Bxe5 20. dxe5 Qc7 21. Rd6
f5 22. c5 g5 23. Rbd1 Qg7 24. Qc3 h5 25. a3 Kh7 26. f4 gxf4 27. gxf4 Rg8 28.
Qf3 Qg4 29. Qf2 h4 30. Kh1 Rg7 31. Bf1 b6 32. Be2 Qh3 33. R1d3 Rg3 34. Bf1 1-0

[Event "SF Essen-Katernberg  3 - SV Bönen 1"]
[Site "Verbandsliga, Gr. 1 2022/2023"]
[Date "2023.05.14"]
[Round "9.3"]
[White "Merz, Martin"]
[Black "Krüger, Erich"]
[Result "0-1"]
[WhiteElo "1971"]
[BlackElo "2069"]
[PlyCount "80"]
[EventDate "2023.??.??"]
[SourceDate "2022.10.02"]
[WhiteTeam "SV Bönen 1"]
[BlackTeam "SF Essen-Katernberg  3"]

1. d4 Nf6 2. c4 g6 3. Nc3 Bg7 4. Nf3 O-O 5. g3 d5 6. Qb3 c6 7. Bg2 dxc4 8. Qxc4
Nbd7 9. O-O Nb6 10. Qd3 Be6 11. Rd1 Bc4 12. Qc2 Nfd5 13. e4 Nb4 14. Qb1 e5 15.
Be3 Bd3 16. Rxd3 Nxd3 17. Qxd3 exd4 18. Bg5 f6 19. Bd2 dxc3 20. Qxc3 Qe7 21.
Be3 Qf7 22. Bf1 Kh8 23. a4 f5 24. Qb4 fxe4 25. Ng5 Qf6 26. Nxe4 Qxb2 27. Qxb2
Bxb2 28. Rb1 Bg7 29. a5 Nd5 30. Bc5 Rf7 31. Ng5 Rf5 32. Ne6 b6 33. Nxg7 Kxg7
34. Bd4+ Kg8 35. Bh3 c5 36. Bxf5 gxf5 37. Be5 Kf7 38. Ra1 Ke6 39. f4 b5 40. a6
Rc8 0-1

[Event "SF Essen-Katernberg  3 - SV Bönen 1"]
[Site "Verbandsliga, Gr. 1 2022/2023"]
[Date "2023.05.14"]
[Round "9.4"]
[White "Gallas, Noel"]
[Black "Wegner, Stephan"]
[Result "1/2-1/2"]
[WhiteElo "1955"]
[BlackElo "1791"]
[PlyCount "45"]
[EventDate "2023.??.??"]
[SourceDate "2022.10.02"]
[WhiteTeam "SF Essen-Katernberg  3"]
[BlackTeam "SV Bönen 1"]

1. e4 e6 2. c4 d5 3. exd5 exd5 4. cxd5 Nf6 5. Bb5+ Nbd7 6. Nc3 a6 7. Be2 Nb6 8.
Nf3 Nbxd5 9. O-O Bd6 10. Nxd5 Nxd5 11. Bc4 Be6 12. d4 h6 13. Bxd5 Bxd5 14. Re1+
Kf8 15. Ne5 g6 16. Qg4 Kg7 17. h4 h5 18. Qg3 Be7 19. Nf3 Bxf3 20. Qxf3 c6 21.
g3 Bf6 22. Be3 Qd5 23. Qxd5 1/2-1/2

[Event "SF Essen-Katernberg  3 - SV Bönen 1"]
[Site "Verbandsliga, Gr. 1 2022/2023"]
[Date "2023.05.14"]
[Round "9.5"]
[White "Bednik, Henryk"]
[Black "Sauer, Bernd"]
[Result "0-1"]
[WhiteElo "1492"]
[BlackElo "1961"]
[PlyCount "40"]
[EventDate "2023.??.??"]
[SourceDate "2022.10.02"]
[WhiteTeam "SV Bönen 1"]
[BlackTeam "SF Essen-Katernberg  3"]

1. e4 c6 2. d4 d5 3. Bd3 dxe4 4. Bxe4 Nf6 5. Bf3 Bf5 6. Ne2 e6 7. Nbc3 Bd6 8.
Bf4 Bxf4 9. Nxf4 Qd6 10. g3 Nbd7 11. h3 g5 12. Nh5 O-O-O 13. Qd2 Ne5 14. Be2
Nxh5 15. Qxg5 Qxd4 16. Bxh5 Bxc2 17. O-O Rhg8 18. Qc1 Rxg3+ 19. Kh2 Rxh3+ 20.
Kxh3 Bf5+ 0-1

[Event "SF Essen-Katernberg  3 - SV Bönen 1"]
[Site "Verbandsliga, Gr. 1 2022/2023"]
[Date "2023.05.14"]
[Round "9.7"]
[White "Bednik, Leonardo"]
[Black "Goldkuhle, Daniel"]
[Result "1/2-1/2"]
[WhiteElo "1324"]
[BlackElo "1326"]
[PlyCount "31"]
[EventDate "2023.??.??"]
[SourceDate "2022.10.02"]
[WhiteTeam "SV Bönen 1"]
[BlackTeam "SF Essen-Katernberg  3"]

1. e4 c5 2. Nf3 Nc6 3. d4 cxd4 4. Nxd4 g6 5. Nc3 Bg7 6. Be3 Nf6 7. Bc4 a6 8.
O-O d6 9. Nxc6 bxc6 10. e5 dxe5 11. Qxd8+ Kxd8 12. Bxf7 e6 13. Bc5 Bf8 14.
Rad1+ Kc7 15. Na4 Rb8 16. h3 1/2-1/2

[Event "SF Essen-Katernberg  3 - SV Bönen 1"]
[Site "Verbandsliga, Gr. 1 2022/2023"]
[Date "2023.05.14"]
[Round "9.8"]
[White "Lüersen, Jan"]
[Black "Fischer, Niklas"]
[Result "1-0"]
[WhiteElo "1668"]
[BlackElo "1153"]
[PlyCount "59"]
[EventDate "2023.??.??"]
[SourceDate "2022.10.02"]
[WhiteTeam "SF Essen-Katernberg  3"]
[BlackTeam "SV Bönen 1"]

1. e4 e5 2. d4 exd4 3. Nf3 d6 4. Bc4 h6 5. Nxd4 Nf6 6. O-O Be7 7. Nc3 O-O 8.
Qd3 a6 9. a4 Bd7 10. Qg3 Kh8 11. f4 Nc6 12. Nde2 Be6 13. Bxe6 fxe6 14. e5 Nh7
15. Be3 d5 16. Qg6 d4 17. Rad1 Qe8 18. Qxe8 Raxe8 19. Bxd4 Nxd4 20. Nxd4 Bc5
21. Nce2 g5 22. g3 Rg8 23. Kg2 gxf4 24. Rxf4 Rgf8 25. Nf3 Rf5 26. Rd7 Ng5 27.
g4 Rxf4 28. Nxf4 Nxf3 29. Kxf3 Rf8 30. Ke4 1-0

[Event "Hamm- Oberhausen 2"]
[Site "?"]
[Date "2023.05.14"]
[Round "9.1"]
[White "Joergens, Markus"]
[Black "Frombach, Ralf"]
[Result "1/2-1/2"]
[WhiteElo "2011"]
[BlackElo "2181"]
[PlyCount "111"]
[SourceDate "2022.10.02"]

1. d4 d6 2. Nf3 Nf6 3. c4 g6 4. Nc3 Bg7 5. e4 O-O 6. Be2 Nbd7 7. O-O e5 8. d5
Nc5 9. Qc2 a5 10. Bg5 h6 11. Be3 Nfd7 12. g3 f5 13. Nh4 f4 14. Bd2 Kh7 15. f3
Nf6 16. Ng2 g5 17. g4 h5 18. h3 hxg4 19. hxg4 c6 20. Be1 Rh8 21. Bf2 Nfd7 22.
dxc6 bxc6 23. Rfd1 Bf8 24. Na4 Nxa4 25. Qxa4 c5 26. Ne1 Qc7 27. Nd3 Kg6 28. Kg2
Ba6 29. Qc2 Be7 30. b3 Nf8 31. Nb2 Ne6 32. Na4 Nd4 33. Qd3 Bb7 34. Nc3 Bc6 35.
Nd5 Qb7 36. Rh1 Bf6 37. Rxh8 Rxh8 38. Rh1 Rxh1 39. Kxh1 a4 40. Bd1 axb3 41.
axb3 Kg7 42. Kg2 Bd8 43. b4 Bxd5 44. exd5 Qxb4 45. Bxd4 exd4 46. Bc2 Qe1 47.
Qh7+ Kf8 48. Qh6+ Ke8 49. Ba4+ Kf7 50. Qh7+ Kf8 51. Qh8+ Kf7 52. Qh7+ Kf8 53.
Qh8+ Kf7 54. Qh7+ Kf8 55. Qh8+ Kf7 56. Qh7+ 1/2-1/2

[Event "Hamm- Oberhausen 2"]
[Site "?"]
[Date "2023.05.14"]
[Round "9.2"]
[White "Happel, Heiner"]
[Black "Krueger, Andre"]
[Result "1-0"]
[WhiteElo "2192"]
[BlackElo "1973"]
[PlyCount "143"]
[SourceDate "2022.10.02"]

1. d4 d5 2. Nf3 e6 3. c4 a6 4. cxd5 exd5 5. Nc3 c6 6. Bf4 Bd6 7. Bxd6 Qxd6 8.
e3 Ne7 9. Bd3 Bf5 10. O-O Bxd3 11. Qxd3 Nd7 12. e4 O-O 13. e5 Qg6 14. Qd2 Rfe8
15. Ne2 Nf8 16. Nh4 Qg4 17. g3 Neg6 18. f3 Qe6 19. Ng2 f5 20. f4 Ne7 21. Ne3 g6
22. h3 Nd7 23. g4 Rac8 24. Ng3 c5 25. gxf5 gxf5 26. Rac1 c4 27. Kh2 Kh8 28. Qc2
Rf8 29. Rg1 Rf7 30. Rg2 Rg8 31. Rcg1 Rg6 32. Qf2 Rfg7 33. Qf3 Rg8 34. Ne2 b5
35. Nc3 Nb6 36. a3 R8g7 37. Rg5 Kg8 38. h4 Rxg5 39. hxg5 Rg6 40. Rg3 h6 41.
gxh6 Kh7 42. Rxg6 Kxg6 43. Kg2 Kxh6 44. Kf2 Kg7 45. Qg3+ Kf7 46. Qh4 Na4 47.
Qh7+ Ke8 48. Qh8+ Kd7 49. Nxa4 bxa4 50. Qf6 Qc6 51. Qxc6+ Nxc6 52. Nxd5 Nxd4
53. Ke3 Nb5 54. Nb6+ Kc6 55. Nxc4 Kc5 56. Nd2 Nc7 57. b4+ axb3 58. Nxb3+ Kc4
59. Na5+ Kc3 60. Kf3 Ne6 61. Nc6 Kb3 62. Ke3 Kxa3 63. Nd4 Ng7 64. Nxf5 Nxf5+
65. Ke4 Ng7 66. f5 Kb4 67. f6 Ne6 68. Kf5 Nd4+ 69. Kg6 a5 70. f7 Ne6 71. Kf6
Nf8 72. e6 1-0

[Event "Hamm- Oberhausen 2"]
[Site "?"]
[Date "2023.05.14"]
[Round "9.3"]
[White "Groß, Thomas"]
[Black "Dargel, Manuel"]
[Result "1/2-1/2"]
[WhiteElo "2029"]
[BlackElo "2175"]
[Annotator "daniel"]
[PlyCount "125"]
[SourceDate "2022.10.02"]

1. Nf3 c5 2. c4 Nc6 3. g3 d6 4. Bg2 Bd7 5. O-O Qc8 6. Nc3 Bh3 7. d4 Bxg2 8.
Kxg2 cxd4 9. Nxd4 h5 10. h4 Nf6 11. b3 g6 12. Bb2 Bg7 13. Rc1 Ne5 14. Nd5 Qd7
15. Qd2 b6 16. Nxf6+ Bxf6 17. Rfd1 Rc8 18. Nf3 Nxf3 19. exf3 Bxb2 20. Qxb2 O-O
21. Qd4 Rfd8 22. Re1 Rc5 23. Rc3 Rf5 24. Rce3 e5 25. Qd5 Kg7 26. Re4 Rf6 27.
R1e3 Re6 28. f4 Qe7 29. Rd3 exf4 30. Rxf4 Re5 31. Qf3 f5 32. Rd5 Qe6 33. Rfd4
Re4 34. Qd3 Rxd4 35. Qxd4+ Kf7 36. Qf4 Rd7 37. Qd4 Rd8 38. a3 Rd7 39. Qf4 Kg7
40. Qd4+ Kf7 41. b4 Qf6 42. c5 Qxd4 43. Rxd4 bxc5 44. bxc5 Ke6 45. cxd6 $11
Rxd6 46. Ra4 a6 47. Ra5 Kd7 48. Kf3 Kc7 49. Kf4 Kb6 50. Re5 a5 $11 51. Kg5 a4
52. Kh6 Ka6 53. Kg7 Kb6 54. Kf7 Rc6 55. Rd5 Ka6 56. Rd4 Kb5 57. Rb4+ Ka5 58. f3
Rc3 59. Rf4 Rc6 60. g4 fxg4 61. fxg4 Kb5 62. gxh5 gxh5 63. Rb4+ 1/2-1/2

[Event "Hamm- Oberhausen"]
[Site "?"]
[Date "2023.05.14"]
[Round "9.4"]
[White "Pruess, Wilfried"]
[Black "Gerst, Michael"]
[Result "1/2-1/2"]
[WhiteElo "2021"]
[BlackElo "1905"]
[PlyCount "66"]
[SourceDate "2022.10.02"]

1. f4 d5 2. Nf3 g6 3. e3 Bg7 4. d4 Nf6 5. Bd3 O-O 6. O-O b6 7. Nbd2 Ba6 8. Bxa6
Nxa6 9. c3 c5 10. Qe2 Qc8 11. Ne5 e6 12. g4 Ne8 13. g5 Nd6 14. Ng4 Nb8 15. b3
Nd7 16. Ba3 Qb7 17. Ne5 Rac8 18. Rac1 Rfd8 19. b4 c4 20. Bb2 b5 21. Rf3 Ra8 22.
Rh3 a5 23. bxa5 Rxa5 24. a3 Nb6 25. Qe1 Nf5 26. e4 dxe4 27. Nxe4 Nd5 28. Qf2
Raa8 29. Re1 Re8 30. Qf3 Rab8 31. Ng4 Qe7 32. Ne5 Qb7 33. Ng4 Qe7 1/2-1/2